00475nam a2200181Ii 45000010005000000030009000050080041000140400033000550410008000880820012000961000018001082450021001262640053001473000012002003360026002123370028002383380027002668853CO-ViMGA241108s9999||||xx |||||||||||||| ||und|| aCO-ViMGAbspaerdacCO-ViMGA0 aspa04a843-K421 aJoseph Kessel10aManos milagrosas 1aBogotá, Colombia : Círculo de lectores, 1969 avolumen atextbtxt2rdacontent aunmediatedbn2rdamedia avolumebnc2rdacarrier